Urban sociology (Record no. 34840)
[ view plain ]
| 000 -LEADER | |
|---|---|
| fixed length control field | 00287nam a2200121Ia 4500 |
| 082 ## - DEWEY DECIMAL CLASSIFICATION NUMBER | |
| Classification number | 301(-201) |
| Item number | WIL |
| 100 ## - MAIN ENTRY--AUTHOR NAME | |
| Personal name | Schulz, D A |
| 245 #0 - TITLE STATEMENT | |
| Title | Urban sociology |
| 260 ## - PUBLICATION, DISTRIBUTION, ETC. (IMPRINT) | |
| Place of publication | New Jersey |
| Name of publisher | Prentice Hall |
| 700 ## - ADDED ENTRY--PERSONAL NAME | |
| Personal name | Wilson, R |
| 942 ## - ADDED ENTRY ELEMENTS (KOHA) | |
| Koha item type | Books |
| Withdrawn status | Lost status | Damaged status | Not for loan | Home library | Current library | Date acquired | Cost, normal purchase price | Full call number | Accession Number | Koha item type |
|---|---|---|---|---|---|---|---|---|---|---|
| RRII Library | RRII Library | 16/12/2021 | 10.95 | 301(-201) WIL | 15267 | Books |